[Event "Beersheba-St Petersburg"]
[Site "Beersheba"]
[Date "1998.03.13"]
[Round "10"]
[White "Sakaev, Konstantin"]
[Black "Mikhalevski, Victor"]
[Result "1-0"]
[WhiteElo "2620"]
[BlackElo "2545"]
[Annotator "Mikhalevski,V"]
[PlyCount "109"]
[EventDate "1998.03.03"]
[EventType "schev"]
[EventRounds "12"]
[EventCountry "ISR"]
[SourceTitle "CBM 064"]
[Source "ChessBase"]
[SourceDate "1998.06.02"]
[SourceVersion "1"]
[SourceVersionDate "1998.06.02"]
[SourceQuality "1"]
[WhiteTeam "St Petersburg"]
[BlackTeam "Beer Sheva"]
[WhiteTeamCountry "RUS"]
[BlackTeamCountry "ISR"]

1. Nf3 Nf6 2. c4 g6 3. Nc3 d5 4. cxd5 Nxd5 5. Qa4+ Bd7 6. Qh4 Nxc3 7. bxc3 $5 (
7. dxc3 {is much more populare.}) (7. Qd4) 7... Bg7 (7... c5 8. g3 (8. Rb1 Qc7
9. Qg3 Qxg3 10. hxg3 b6 11. e4 Bc6 12. Ne5 Ba4 13. Bc4 e6 14. Bb3 Bxb3 15. Rxb3
Nd7 16. Nc4 Rb8 17. a4 a6 18. Ke2 b5 19. axb5 axb5 20. Na3 b4 21. Nc4 Bg7 22.
Bb2 O-O 23. cxb4 cxb4 24. Bxg7 Kxg7 25. d4 Rfc8 26. Ne3 e5 27. Rd1 {1/2-1/2
Milos,G-Fernandez Garcia,J/Buenos Aires 1990}) 8... Nc6 (8... Bg7 9. Bg2 Bc6
10. O-O Nd7 (10... O-O 11. d4 cxd4 12. cxd4 Nd7 13. Re1 e6 14. Bg5 f6 15. Bh6
Nb6 16. e4 Qd7 17. Bh3 Qf7 18. Bxg7 Kxg7 19. Rad1 g5 20. Qg4 Rae8 21. e5 h6 22.
d5 Bxd5 23. Nd2 f5 24. Qe2 Rc8 25. Rc1 Bxa2 26. Bg2 Rfd8 27. Rxc8 Rxc8 28. Ra1
Rc2 29. Qd3 Qc7 30. Bxb7 Nd5 31. Ba8 Qc5 32. Kg2 Bc4 33. Rxa7+ Kg6 {0-1
Muhtarov,L-Konopka,M/Decin op 1996}) 11. d4 h6 12. dxc5 Bxc3 13. Rb1 Qa5 14.
Be3 Qxa2 15. Bd4 g5 16. Qh3 Bxd4 17. Nxd4 Bxg2 18. Qxg2 Nxc5 19. Rbc1 Rc8 20.
Nf5 f6 21. Qf3 Rc7 22. Rfd1 h5 23. Rd5 g4 24. Qf4 Qxd5 25. Qxc7 Qxf5 26. Qb8+
Kf7 27. Qxh8 Ne4 28. Rf1 Ng5 29. f3 gxf3 30. exf3 Ne6 31. Kg2 a5 32. Qa8 Qd5
33. Qa7 Nd4 34. Rf2 h4 35. gxh4 Nf5 36. Qb6 Nxh4+ 37. Kg3 Qg5+ 38. Kh3 Ng6 39.
Qb3+ Kf8 40. f4 Nxf4+ {0-1 Rajkovic,D-Krasenkow,M/Ptuj 1989}) (8... Qa5 9. Ne5
Bg7 10. Nxd7 Nxd7 11. Bh3 Rd8 12. O-O O-O 13. Rb1 b6 14. a4 Ne5 15. Rb5 Qa6 16.
Qe4 f5 17. Qc2 Nf7 18. d3 e5 19. c4 Nd6 20. Rb1 e4 21. Bf4 Rfe8 22. Rfd1 exd3
23. exd3 Bd4 24. Bg2 $16 {Urday,H-Sion Castro,M/Palma de Mallorca op 1991/1-0 
(66)}) (8... Bc6 9. Bg2 Nd7 10. O-O e6 11. Qxd8+ Rxd8 12. c4 Bg7 {1/2-1/2
Winkeler,U-Loehr,M/NRW-Liga II 1996}) 9. Bg2 e5 10. Qc4 Be7 11. O-O O-O 12. d3
Rc8 13. Bh6 Re8 14. h4 Be6 15. Qb5 Qd7 16. Ng5 a6 17. Qb6 Bg4 18. Rfe1 Bd8 19.
Qb2 b5 20. Ne4 Be7 21. Bg5 Kg7 22. Bxe7 Qxe7 23. Qa3 Nb8 24. Rab1 Bd7 {1/2-1/2
Spassov,L-Webb,S/Concordia 1977}) ({Ribli} 7... Nc6 $146 8. e4 (8. d4 $5 {
/\ e4 oder Bh6 auch d5}) 8... e5 9. Qxd8+ Rxd8 10. Rb1 b6 $8 11. d4 (11. Bb5)
11... Bg7 (11... exd4 12. cxd4 Bb4+ 13. Bd2 Bxd2+ 14. Kxd2 O-O 15. Rc1 $36 {
>< c7}) 12. Bg5 $1 {Mit diesem starken Zug will der Anziehende den schwarzen
Druck gegen den d4-Bauern entschaerfen.} Rb8 13. Rd1 exd4 14. cxd4 O-O 15. Be2
Rbe8 $1 16. e5 $8 f6 17. exf6 Bxf6 18. Be3 Nb4 {[#] Schwarz hat die Eroeffnung
zufriedenstellend geloest, die Chancen sind etwa gleich.} 19. O-O $1 $8 Be6 (
19... Nxa2 $4 20. Bc4+ Be6 21. d5 $18) (19... Nc2 20. Bc4+ Kg7 21. Bf4 Bg4 22.
Rd2 Bxf3 23. Rxc2 Bxd4 24. Bxc7 Bg4 $10) 20. a4 Nd5 21. Rc1 Bf7 22. Bb5 Re4 (
22... Nxe3 23. Bxe8 Nxf1 24. Bxf7+ Rxf7 25. Kxf1 Rd7 $10) 23. Bh6 $1 Rd8 24.
Rfd1 Be8 25. g3 a5 {Schrwarz hofft, dass er gegen den d4-Bauern seinen Druck
versterken kann, aber ...} 26. Bd3 Re7 27. Bc2 Nb4 28. Bb3+ Bf7 29. Bxf7+ Kxf7
30. Bf4 $1 Nd5 31. Be5 $1 Red7 32. Rc6 $1 {Tunik,G-Tseitlin,M/Beersheba 1996/1/
2-1/2 (70) [#] Der d4-Bauer ist nicht mehr so schwach, aber Weiss hat einen
Riesenlaeufer auf e5 und er uebernimmt jetzt die Initiative. /\ Bxf6, Ne5}) 8.
Rb1 $1 Bc6 (8... b6 $5) 9. e4 $1 (9. d4 Qd5) (9. Nd4 Bd5 10. e4 Bxa2 11. Rxb7 (
11. Rb2 e5 $5) 11... O-O $13) 9... O-O (9... e5 $2 10. Qxd8+ Kxd8 11. Ng5 $1 {
[%csl Rf7]}) (9... e6 $142 $5 10. Qxd8+ Kxd8) 10. d4 e6 11. Bg5 $1 f6 12. Be3
$14 {/+/-.White has got very comfortable position from the opening.Black is
very passive and doesn't have a good plan.} (12. Bc4 $5 Qe8 $5 (12... fxg5 $4
13. Bxe6+ Kh8 14. Nxg5 h6 15. Nf7+ Rxf7 16. Qxd8+ $18) 13. Be3 {See 12.Be3})
12... Qe8 $1 {[%csl Re4] /\13...g5 14.Qg4 h5 ><e4} 13. Bd3 (13. Bc4 $5 {
[%csl Re6]}) 13... Nd7 14. O-O Rd8 {[%csl Rd3][%cal Gd7c5]} 15. Rfd1 Nb6 {
[%csl Rc3][%cal Gb6a4,Gb6c4] /\Na4 Black is looking for counterplay.} 16. Rd2
$5 Na4 17. Rb3 (17. d5 $2 exd5 18. exd5 Bxd5 $1 (18... Rxd5 $2 19. Bc4 {
[%cal Gc4g8]}) 19. Bb5 (19. Bc4 Nxc3) 19... Qe4 $1 {[%cal Ge4b1]}) 17... b5 $5
{[%csl Rc4][%cal Ga4b6]} 18. Qg3 $5 Rf7 19. h4 {[%cal Gh4h5]} Rfd7 {[%csl Rd3]
[%cal Ga4c5] /\Nc5} 20. Bc2 Nb6 {[%csl Rc4][%cal Gb6c4]} 21. Re2 Nc4 22. Bf4 e5
$5 $138 23. Bc1 {[%csl Rb5,Rf5][%cal Gd4d5,Gh4h5]} Rf7 {In order to free "d7"
square for the bishop in case of24. h5 gh25. Nh4.} (23... a6 $5) 24. Rb1 Kh8 {
Black has to take his king out of a2-g8 diagonal.} 25. Bd3 Nd6 26. Ba3 {
[%cal Ga3f8]} a6 27. Rbe1 Rf8 28. Bc2 {[%cal Gc2b3,Gb3g8,Ga3f8]} Bd7 29. Bb3
Be6 (29... a5 $5 {[%cal Ga5a4]}) 30. Bc5 a5 31. Nd2 Bc8 32. Nf3 {White is
waiting for the mistake in the black's hard time-trouble.} (32. a3 $5) 32... a4
33. Bc2 Rg8 34. Bd3 $6 (34. Rd1 $5) 34... c6 (34... Nb7 $1 35. Ba3 c5 {[%csl
Rd3][%cal Gc5d4,Ge5d4]} 36. Rb1 $140 b4) 35. Ba3 Nf7 36. Bc1 Be6 {[%cal Ge6a2]}
37. Rd1 Rd6 38. Be3 Rd8 39. Red2 Qe7 $1 {[%cal Ge7a3,Gg8e8]} 40. Bb1 Rge8 41.
d5 $5 {White was in a strong shock.With a second on the clock Black had
completied the moves and improved his position.After about a half an hour
think White decides to make his first active move in the game.} Bc8 $1 {
There is no need to open b1-h7 diagonal for the white's bishop.} (41... cxd5 $6
42. exd5 {[%cal Gb1g6]} Bc8 43. h5 {[%csl Rf5] /^b1-h7}) (41... Bd7 $6) 42. h5
{[%csl Rf5]} (42. Bb6 Rd7 43. h5 $5) 42... g5 $5 (42... gxh5 43. Bb6 Rd7 $13)
43. Bb6 Rd7 44. Nh2 $1 {[%csl Rf5][%cal Gh2g4,Gg4e3,Ge3f5,Yh2f1,Yf1e3]} (44.
dxc6 Rxd2 45. Nxd2 (45. Rxd2 Qe6) 45... Qd6) 44... c5 $5 {[%csl Rb6]} (44...
cxd5 $1 45. exd5 (45. Rxd5 Rxd5 46. exd5 (46. Rxd5 Qa3) 46... f5) 45... Nd6 $5
(45... Rd6 46. Qd3 $1 {[%cal Gd3h7,Gd3b5]} (46. Bc5) (46. Bc5 $6 f5 $1 $44)
46... f5 (46... e4) 47. Qxb5) 46. Bc5 Qf7 (46... Rc7 47. Bb4) 47. Bxd6 $5 (47.
Qh3 Rc7) 47... Rxd6 48. Qd3 Qxh5 49. Qxb5 f5 $1 {[%cal Gd6h6]} 50. Qe2 $15) 45.
d6 $5 Rxd6 46. Rxd6 (46. Bxc5 $4 Rxd2) 46... Nxd6 47. Bxc5 Nxe4 $4 {Terrible
move.Black had overlooked 49 move of white.} (47... Rd8 $8 {leads to unclear
position after} 48. Qd3 Bf8 $13) 48. Bxe7 Nxg3 49. fxg3 $1 $18 {This simple
move came as a big surprise for me.The weakness of the 8-th rank decide the
game.} (49. h6 $2 {During the game I was checking only this stupied move.} Ne2+
50. Kf1 Nxc3 51. hxg7+ Kxg7 52. Rc1 Nxb1 53. Bb4 Bf5 $19) 49... Be6 50. Rd8
Rxd8 51. Bxd8 e4 52. h6 Bxh6 53. Bxf6+ Bg7 54. Bxg7+ Kxg7 55. a3 1-0

[Event "Berlin East AdW 4th"]
[Site "Berlin East"]
[Date "1987.09.06"]
[Round "10"]
[White "Moehring, Guenther"]
[Black "Szitkey, Milan"]
[Result "1/2-1/2"]
[WhiteElo "2360"]
[BlackElo "2360"]
[Annotator "Moehring,G"]
[PlyCount "90"]
[EventDate "1987.08.28"]
[EventType "tourn"]
[EventRounds "11"]
[EventCountry "DDR"]
[EventCategory "6"]
[SourceTitle "EXT 1999"]
[Source "ChessBase"]
[SourceDate "1998.11.16"]
[SourceVersion "1"]
[SourceVersionDate "1998.11.16"]
[SourceQuality "1"]

1. Nf3 Nf6 2. c4 g6 3. Nc3 d5 4. cxd5 Nxd5 5. Qa4+ Bd7 6. Qh4 Nf6 7. d4 Nc6 8.
d5 Nb8 9. e4 c6 {0.26/0.39} 10. Bh6 Qb6 {0.42/0.42} 11. O-O-O Bxh6+ 12. Qxh6
Qxf2 13. d6 Qc5 14. dxe7 Qxe7 {1.16/1.10} 15. Bc4 Be6 16. Bxe6 fxe6 17. e5 Nd5
18. Ne4 Na6 19. Nd6+ Kd7 {1.26/1.26} 20. Ng5 Nc5 21. Ngf7 Rhf8 22. Rhf1 Kc7 23.
Rf3 Nd7 24. Rdf1 b5 25. Qd2 a5 {1.45/1.46} 26. Qd4 a4 27. Kb1 g5 28. Rc1 Rfb8
29. Qd3 Ra5 30. Rf2 Rb6 {1.52/1.52} 31. Qd4 (31. Qxh7 Nxe5 $140 32. Qh8 {
[%cal Rh8e5,Rh8c8]}) 31... a3 32. b3 h5 33. Rfc2 Nb8 34. Qd2 Raa6 35. Rf1 Nd7 {
1.55/1.58} 36. Qd4 g4 37. g3 Qf8 38. Rcf2 Qg8 39. Qd3 Nc5 40. Qc2 Nd7 {1.59/1.
59} 41. Re1 (41. Ne4 $5) 41... Rb8 {2.33/2.03} 42. Rc1 Qg7 43. Qe2 Qg6+ 44. Ka1
Rab6 45. Qd2 Ra6 {2.40/2.16 R 2.42/} 1/2-1/2

[Event "Asztalos Memorial Group A"]
[Site "Budapest"]
[Date "1984.03.21"]
[Round "13"]
[White "Navarovszky, Laszlo"]
[Black "Moehring, Guenther"]
[Result "0-1"]
[WhiteElo "2370"]
[BlackElo "2395"]
[Annotator "Moehring,G"]
[PlyCount "70"]
[EventDate "1984.03.07"]
[EventType "tourn"]
[EventRounds "13"]
[EventCountry "HUN"]
[EventCategory "6"]
[SourceTitle "EXT 2013"]
[Source "ChessBase"]
[SourceDate "2012.11.22"]
[SourceVersion "1"]
[SourceVersionDate "2012.11.22"]
[SourceQuality "1"]

1. c4 Nf6 2. g3 g6 3. Bg2 Bg7 4. Nc3 O-O 5. Rb1 c6 6. e4 d5 7. cxd5 cxd5 8. e5
Ne4 9. d4 Qa5 10. Nge2 (10. Bd2 Nxc3 11. Bxc3 Qxa2 $2 12. Bf1 $1 {/\Ra1} Bg4
13. f3 $18) 10... Nc6 11. O-O Bg4 12. f3 Nxc3 13. bxc3 Bc8 14. Qb3 {R} Bf5 15.
Rb2 Bd3 16. Re1 Rfc8 17. Rd2 Bc4 18. Qb2 e6 19. f4 Bf8 20. g4 Qd8 21. Ng3 b5
22. Rf2 b4 23. Bd2 Rab8 24. Qa1 Qa5 25. f5 Qxa2 26. Qd1 b3 27. Qf3 b2 28. fxg6
fxg6 29. Qf7+ Kh8 30. Nh5 gxh5 31. Be4 dxe4 32. gxh5 Be7 33. Rg2 Rg8 34. h6
Rxg2+ 35. Kxg2 Rg8+ {2:21-2:20} 0-1

[Event "Buenos Aires Clarin International"]
[Site "Buenos Aires"]
[Date "1979.??.??"]
[Round "8"]
[White "Andersson, Ulf"]
[Black "Franco Ocampos, Zenon"]
[Result "1-0"]
[WhiteElo "2560"]
[BlackElo "2360"]
[Annotator "Notkin,M"]
[PlyCount "83"]
[EventDate "1979.11.26"]
[EventType "tourn"]
[EventRounds "13"]
[EventCountry "ARG"]
[EventCategory "11"]
[SourceTitle "MCL"]
[Source "ChessBase"]
[SourceDate "1999.07.01"]
[SourceVersion "1"]
[SourceVersionDate "1999.07.01"]
[SourceQuality "1"]

1. Nf3 Nf6 2. c4 g6 3. Nc3 d5 4. cxd5 Nxd5 5. e4 Nxc3 6. dxc3 Qxd1+ 7. Kxd1 f6
8. Be3 e5 9. Nd2 Be6 10. Bc4 Bxc4 (10... Kf7 $1 11. Kc2 Nd7 12. Rhd1 Be7 13. a4
Rhd8 14. b4 a5 15. Kb3 c6 $10 {Suba,M-Svidler,P/Linares/1994/0:1/43/}) 11. Nxc4
Nd7 {/\Bc5/} 12. b4 Nb6 (12... h5 13. Kc2 Bh6 14. Bxh6 Rxh6 15. Rhd1 O-O-O 16.
Na5 Rhh8 17. Rd3 $16 {Loginov,V-Sideif Sade,F/Aktiubinsk/1985/1:0/43/}) 13. Na5
O-O-O+ 14. Kc2 Be7 15. a3 f5 $6 16. Bxb6 $1 axb6 17. Nc4 Bf6 $2 (17... fxe4 18.
Rae1 Rhf8 19. Rhf1 Bh4 20. Rxe4 (20. g3 Bg5 21. Rxe4 b5 $1 22. Ne3 Bxe3 23.
Rxe3 $14) 20... Rxf2+ 21. Rxf2 Bxf2 22. Rxe5 $14) 18. a4 $1 Bg7 19. Rhe1 Rhe8
20. b5 f4 $6 21. a5 bxa5 22. Rxa5 b6 23. Ra7 Bf6 24. Rea1 Re6 25. R1a6 {
/\Na5-c6/} Rde8 26. Kb3 $1 Bd8 27. Ra8+ Kd7 28. Ra2 $1 Bf6 29. Rd2+ Ke7 30. Ra7
Rc8 31. Rd5 Ke8 32. h3 $1 Ke7 33. Nb2 Ke8 34. Nd3 Bg7 (34... c6 35. Rdd7 cxb5
36. Nb4 $18) 35. c4 Bf6 36. c5 bxc5 37. Nxc5 Re7 38. Ra6 Bh8 39. Kc4 Bg7 40. f3
Rb8 41. Ne6 Bf6 42. Rc6 (42. Rc6 Rc8 43. b6 $18) 1-0